| 000 | 00662nam a2200193 i 4500 | ||
|---|---|---|---|
| 001 | 184635 | ||
| 003 | ES-MaACL | ||
| 005 | 20250831072604.0 | ||
| 008 | 151029s1935 sp |||| | spa d | ||
| 100 | 1 |
_aMadoz, José. _9143958 |
|
| 245 | 1 | 3 |
_aLa Iglesia de Jesucristo _b: fuentes y documentos para el estudio de su constitución e historia / _cpor José Madoz. |
| 260 |
_aMadrid : _bDédalo, _c1935. |
||
| 300 |
_a281 p. ; _c17 cm. |
||
| 490 | 1 |
_aColección de Enquiridions ; _v2 |
|
| 650 | 7 |
_aHistoria eclesiástica _2embne _913400 |
|
| 830 | 0 |
_aColección de Enquiridions ; _v2 _9192215 |
|
| 852 |
_aES-MaACL _jE-3852 |
||
| 999 |
_c184635 _d184635 |
||